[Event "Ambes op 2nd"]
[Site "Ambes"]
[Date "2009.04.19"]
[Round "9"]
[White "Spindler, Herve"]
[Black "Roset, Olivier"]
[Result "1/2-1/2"]
[WhiteElo "1770"]
[BlackElo "1795"]
[PlyCount "82"]
[EventDate "2009.04.11"]
[EventType "swiss"]
[EventRounds "9"]
[EventCountry "FRA"]
[SourceTitle "EXT 2012"]
[Source "ChessBase"]
[SourceDate "2011.11.24"]
[SourceVersion "1"]
[SourceVersionDate "2011.11.24"]
[SourceQuality "1"]

1. e4 e6 2. d4 d5 3. Nc3 Nf6 4. e5 Nfd7 5. Nf3 c5 6. Be3 a6 7. Be2 Nc6 8. 0-0 b5 9. Re1 cxd4 10. Bxd4 Be7 11. Bf1 0-0 12. Re3 Nxd4 13. Nxd4 Bc5 14. b4 Bxd4 15. Qxd4 f6 16. exf6 Qxf6 17. Qd2 d4 18. Ne4 Qe5 19. Ree1 Qd5 20. c3 dxc3 21. Qxd5 exd5 22. Nxc3 Nf6 23. Rad1 Bb7 24. Rd4 Rac8 25. Nd1 Rc2 26. a3 Ra2 27. Re3 Rc2 28. Bd3 Rc1 29. Bf5 g6 30. Be6+ Kg7 31. f3 Re8 32. Kf2 Rc2+ 33. Kf1 Rc1 34. Ke2 Rc2+ 35. Rd2 Rxd2+ 36. Kxd2 d4 37. Re2 Nh5 38. Bc4 Rxe2+ 39. Bxe2 Kf6 40. g3 Ng7 41. Nf2 Ne6 1/2-1/2

[Event "Ambes op 2nd"]
[Site "Ambes"]
[Date "2009.04.13"]
[Round "3"]
[White "Roset, Olivier"]
[Black "Merlet, Francois"]
[Result "1/2-1/2"]
[WhiteElo "1795"]
[BlackElo "1544"]
[PlyCount "75"]
[EventDate "2009.04.11"]
[EventType "swiss"]
[EventRounds "9"]
[EventCountry "FRA"]
[SourceTitle "EXT 2012"]
[Source "ChessBase"]
[SourceDate "2011.11.24"]
[SourceVersion "1"]
[SourceVersionDate "2011.11.24"]
[SourceQuality "1"]

1. e4 c5 2. Nf3 Nc6 3. c3 d5 4. e5 Bf5 5. d4 e6 6. Bb5 Qb6 7. Bxc6+ bxc6 8. 0-0 c4 9. Nbd2 a6 10. Re1 Be7 11. Nf1 Bd8 12. Ng3 Bg6 13. Nd2 Ne7 14. b3 c5 15. bxc4 cxd4 16. cxd4 0-0 17. c5 Qb4 18. Nb3 Nc6 19. Bd2 Qa4 20. Qg4 Ba5 21. Bxa5 Nxa5 22. Nxa5 Qxa5 23. h4 Rab8 24. Qe2 Rb4 25. Qd2 Qa4 26. Ne2 Rfb8 27. Rec1 Bh5 28. f3 Bg6 29. Rc3 Rb2 30. Qe3 Qa5 31. Rac1 Qxa2 32. Kf2 Rxe2+ 33. Qxe2 Rb2 34. Qxb2 Qxb2+ 35. Kg1 Qb4 36. c6 Qxd4+ 37. Kh1 Qxh4+ 38. Kg1 1/2-1/2

[Event "Ambes op 2nd"]
[Site "Ambes"]
[Date "2009.04.12"]
[Round "2"]
[White "Le Hetet, Nicolas"]
[Black "Roset, Olivier"]
[Result "1-0"]
[WhiteElo "2090"]
[BlackElo "1795"]
[PlyCount "61"]
[EventDate "2009.04.11"]
[EventType "swiss"]
[EventRounds "9"]
[EventCountry "FRA"]
[SourceTitle "EXT 2012"]
[Source "ChessBase"]
[SourceDate "2011.11.24"]
[SourceVersion "1"]
[SourceVersionDate "2011.11.24"]
[SourceQuality "1"]

1. e4 e6 2. d4 d5 3. e5 c5 4. c3 Nc6 5. Nf3 Qb6 6. a3 cxd4 7. cxd4 Nge7 8. Nc3 Nf5 9. Na4 Qd8 10. b4 b6 11. Bb2 Bd7 12. Bd3 Be7 13. 0-0 0-0 14. Rc1 f6 15. Ba6 Rb8 16. Qc2 fxe5 17. dxe5 Bg5 18. Rcd1 Nh4 19. Nxh4 Bxh4 20. Bd3 h6 21. f4 Rc8 22. Qb3 Kh8 23. Bb1 Qe8 24. Qd3 Rf5 25. g4 Qg6 26. Qh3 Be7 27. Kh1 Qf7 28. gxf5 exf5 29. e6 Bxe6 30. Qxh6+ Kg8 31. Bxg7 1-0

[Event "Creon op 11th"]
[Site "Creon"]
[Date "2006.08.02"]
[Round "4"]
[White "Roset, Olivier"]
[Black "Chatalbashev, Boris"]
[Result "0-1"]
[WhiteElo "1670"]
[BlackElo "2507"]
[PlyCount "48"]
[EventDate "2006.07.31"]
[EventType "swiss"]
[EventRounds "9"]
[EventCountry "FRA"]
[SourceTitle "CBM 113 Extra"]
[Source "ChessBase"]
[SourceDate "2006.09.14"]
[SourceVersion "1"]
[SourceVersionDate "2006.09.14"]
[SourceQuality "1"]

1. e4 g6 2. d4 Bg7 3. Nc3 d6 4. Nf3 a6 5. a4 Nf6 6. Be2 0-0 7. 0-0 Nc6 8. d5 Nb4 9. Nd2 a5 10. Ncb1 e6 11. c3 Na6 12. Bf3 Nc5 13. b4 axb4 14. cxb4 Nd3 15. Qb3 Nxc1 16. Rxc1 Nxd5 17. Ra2 Nf4 18. Rac2 c6 19. Nf1 d5 20. exd5 exd5 21. Ng3 Ne6 22. Ne2 Ng5 23. b5 Bf5 24. Rc5 Ne6 0-1